| 000 | 00728nac a22002051u 4500 | ||
|---|---|---|---|
| 010 | _a 73430779 | ||
| 020 | _a0263701913 | ||
| 082 | 0 | 0 |
_a663.2 _bT944 |
| 090 |
_c3630 _d3630 |
||
| 100 | _aTurner, B. C. A. | ||
| 245 | 1 | 0 |
_aBehind the wine list: _ba simple guide to wine _c[by] B. C. A. Turner and Peter W. Down. |
| 260 |
_aLondon, _bMills & Boon,1968 _c1968. |
||
| 300 |
_a124 p. _bplate, illus., maps. _c19 cm. |
||
| 500 | _aDonations | ||
| 500 | _aDonations-Bibliotheca Alexandrina | ||
| 650 | 0 | _aWine and wine making. | |
| 700 | 1 | _aDown, Peter W., | |
| 942 |
_cBB _k663.2T944 |
||
| 999 |
_c3630 _d3630 |
||